|
|
|
|
| LEADER |
00000naa2a2200000 4500 |
| 001 |
410466 |
| 005 |
20231101071329.0 |
| 035 |
|
|
|a (RuTPU)RU\TPU\prd\64440
|
| 035 |
|
|
|a RU\TPU\prd\64437
|
| 090 |
|
|
|a 410466
|
| 100 |
|
|
|a 20090325a1941 k y0rusy50 ca
|
| 101 |
0 |
|
|a rus
|
| 102 |
|
|
|a RU
|
| 200 |
1 |
|
|a Ивановское месторождение марганцевых руд (Западная Сибирь)
|f К. В. Радугин
|
| 320 |
|
|
|a Библиогр.: 10 назв.
|
| 461 |
|
1 |
|0 (RuTPU)RU\TPU\prd\987
|x 0869-7175
|t Советская геология
|o журнал
|d 1938-1992
|
| 463 |
|
1 |
|0 (RuTPU)RU\TPU\prd\64439
|t № 3
|v С. 61-74, карты
|d 1941
|
| 610 |
1 |
|
|a геолого-географические науки
|
| 610 |
1 |
|
|a труды учёных ТПУ
|
| 700 |
|
1 |
|a Радугин
|b К. В.
|c российский геолог
|c профессор Томского политехнического института
|f 1899-1984
|g Константин Владимирович
|2 stltpush
|3 (RuTPU)RU\TPU\pers\13858
|
| 801 |
|
0 |
|a RU
|b 63413507
|c 20010227
|g PSBO
|
| 801 |
|
1 |
|a RU
|b 63413507
|c 20090128
|g PSBO
|
| 801 |
|
2 |
|a RU
|b 63413507
|c 20090409
|g PSBO
|
| 942 |
|
|
|c BK
|